=LDR 00000nam 2200000 4500 =001 INLIS000000000014732 =005 20130612110017 =008 ***********************************Ind** =035 ##$$0010-061300000014732 =041 ##$$a Ind =082 ##$$a 346.04 =090 ##$$a 346.04, Dam h =100 ##$$a Damian, Eddy =245 ##$$a Hukum hak cipta, UUHC No.19 tahun 2002, Eddy Damian =260 ##$$a 2004 $b Bandung =300 ##$$a xii, 428 hlm, 21 cm =650 ##$$a Hak Cipta =850 ##$$a NBPNMAT